BIBLIOTECA

SENCICO

Arquitectura virreynal peruana : teoría sobre la historia de la arquitectura virreynal (Registro nro. 2215)

Detalles MARC
000 -LEADER
fixed length control field 00763nam a2200193Ia 4500
005 - DATE AND TIME OF LATEST TRANSACTION
control field 20251020182535.0
008 - FIXED-LENGTH DATA ELEMENTS--GENERAL INFORMATION
fixed length control field 200515s9999 xx 000 0 und d
082 ## - DEWEY DECIMAL CLASSIFICATION NUMBER
Classification number 72.03(85)/S21
100 ## - MAIN ENTRY--PERSONAL NAME
Personal name SAN CRISTOBAL, Antonio
245 #0 - TITLE STATEMENT
Title Arquitectura virreynal peruana : teoría sobre la historia de la arquitectura virreynal
260 ## - PUBLICATION, DISTRIBUTION, ETC.
Place of publication, distribution, etc. Lima
260 ## - PUBLICATION, DISTRIBUTION, ETC.
Date of publication, distribution, etc. 1999
500 ## - GENERAL NOTE
General note 1 ejemplar
520 ## - SUMMARY, ETC.
Summary, etc. Se sistematizan las diversas formulaciones de la historia de la arquitectura virreynal peruana, sus métodos de análisis, y los modelos históricos que proponen. El autor revisa las interpretaciones mas influyentes: la de la geografía histórica, la exégesis
650 ## - SUBJECT ADDED ENTRY--TOPICAL TERM
Topical term or geographic name entry element ARQUITECTURA
650 ## - SUBJECT ADDED ENTRY--TOPICAL TERM
Topical term or geographic name entry element ARQUITECTURA VIRREYNAL
650 ## - SUBJECT ADDED ENTRY--TOPICAL TERM
Topical term or geographic name entry element LIB
942 ## - ADDED ENTRY ELEMENTS (KOHA)
Koha item type Libros
Existencias
Fecha de la última vez que lo usaron Pago total Signatura topográfica completa Código de barras Precio efectivo desde Tipo de documento Estado perdido Estado dañado No es para préstamo Retirado Ubicación permanente Ubicación actual Fecha de adquisición
15/05/2020   72.03(85)/S21 Bib-Lima15052215 15/05/2020 Libros         Biblioteca Central Lima Biblioteca Central Lima 15/05/2020